[Event "Gatineau Roger Roy Memorial"]
[Site "Gatineau"]
[Date "2006.11.14"]
[Round "5"]
[White "Jiang, Qizhe"]
[Black "Toulouse, Raphael"]
[Result "1-0"]
[WhiteElo "904"]
[BlackElo "1199"]
[PlyCount "70"]
[EventDate "2006.10.17"]
[EventType "swiss"]
[EventRounds "5"]
[EventCountry "CAN"]
[SourceTitle "EXT 2022"]
[Source "ChessBase"]
[SourceDate "2021.10.06"]
[SourceVersion "1"]
[SourceVersionDate "2021.10.06"]
[SourceQuality "1"]

1. e4 c5 2. d4 cxd4 3. Qxd4 Nc6 4. Qd1 e5 5. Nf3 Bc5 6. Nc3 Bb4 7. Bd2 Nge7 8. g3 d6 9. Bg2 0-0 10. a3 Bc5 11. b4 Bb6 12. 0-0 Be6 13. Re1 h6 14. Be3 Bxe3 15. Rxe3 Bg4 16. Rd3 Nd4 17. Ne2 Nec6 18. Nexd4 Nxd4 19. c3 Bxf3 20. Bxf3 Nxf3+ 21. Qxf3 Qe7 22. Qd1 Rad8 23. Qb3 b5 24. Rdd1 Qc7 25. Rdc1 Qc4 26. Qc2 Rc8 27. a4 a6 28. axb5 axb5 29. Ra3 Ra8 30. Rca1 Rxa3 31. Rxa3 d5 32. exd5 Qxd5 33. Ra1 Ra8 34. Rxa8+ Qxa8 35. Qc1 Qa3 1-0

[Event "Gatineau Hull CC 27 Ann-B"]
[Site "Gatineau"]
[Date "2006.10.03"]
[Round "4"]
[White "Toulouse, Raphael"]
[Black "Levesque, Andre"]
[Result "0-1"]
[WhiteElo "1197"]
[BlackElo "1390"]
[PlyCount "100"]
[EventDate "2006.09.12"]
[EventType "swiss"]
[EventRounds "5"]
[EventCountry "CAN"]
[SourceTitle "EXT 2022"]
[Source "ChessBase"]
[SourceDate "2021.10.06"]
[SourceVersion "1"]
[SourceVersionDate "2021.10.06"]
[SourceQuality "1"]

1. d4 f5 2. Nf3 e6 3. Nc3 Nf6 4. Bf4 Be7 5. e3 0-0 6. Bd3 d6 7. 0-0 Nbd7 8. e4 fxe4 9. Nxe4 Nxe4 10. Qc1 Nef6 11. Re1 Nb6 12. Ng5 c6 13. Nxe6 Bxe6 14. Rxe6 Nbd5 15. Bd2 Nc7 16. Re2 a6 17. c4 c5 18. d5 b5 19. b3 a5 20. Qe1 Re8 21. Bg5 Qd7 22. f3 Bd8 23. h3 Rf8 24. g4 Kh8 25. Bf5 Qf7 26. Be6 Nxe6 27. dxe6 Qe7 28. Rd1 b4 29. f4 Ra7 30. Red2 Bc7 31. f5 Kg8 32. Rd3 Raa8 33. Qe2 Kh8 34. h4 Rae8 35. Bf4 Rg8 36. g5 d5 37. cxd5 Bxf4 38. d6 Qa7 39. Qf2 Nh5 40. d7 Bg3 41. Qe3 Bf4 42. Qf3 c4+ 43. Qf2 Qxf2+ 44. Kxf2 cxd3 45. Rxd3 Ra8 46. e7 Bc7 47. Re3 Bb6 48. d8Q Raxd8 49. Kf3 Bxe3 50. Kxe3 Rde8 0-1